| 000 | 00803nam a2200229Ii 4500 | ||
|---|---|---|---|
| 003 | JO-AjNU | ||
| 008 | 230605s9999||||xx |||||||||||||| ||und|| | ||
| 017 | _a2014/11/5339 | ||
| 020 | _a978-9957-721-10-7 | ||
| 040 |
_aJO-AjNU _bara _erda _cJO-AjNU |
||
| 041 | _aara | ||
| 050 | 1 | 4 | _aJA81.K43.2015 |
| 100 | 3 |
_aالخزاعله، ياسر طالب ؛ م.مشارك انور عودة الخالدي, _eauthor _960920 |
|
| 245 | 0 | 0 | _aتيارات معاصرة: فكرية-سياسية-فلسفسة |
| 250 | _aط1 | ||
| 264 | 3 | 1 | _aعمان: زمزم ناشرون وموزعون، 2015 |
| 300 | _a480ص | ||
| 336 |
_atext _btxt _2rdacontent |
||
| 337 |
_aunmediated _bn _2rdamedia |
||
| 338 |
_avolume _bnc _2rdacarrier |
||
| 650 | 4 |
_aالتيارات الفكرية المعاصرة-تاريخ _960921 |
|
| 999 |
_aA27506 _c31074 _d31074 |
||